| 000 | 00369 a2200145 4500 | ||
|---|---|---|---|
| 001 | 170636 | ||
| 020 | _a | ||
| 040 | _cMagnum | ||
| 100 | _aSagarana | ||
| 240 | 1 | 0 |
_aTurismo e cultura em minas gerais: circuito das serras e grutas _lpor |
| 245 | 1 | 0 | _aTurismo e cultura em minas gerais: circuito das serras e grutas |
| 362 | 0 | _a1899 | |
| 697 | _aGERAL | ||
| 942 | _cBK | ||
| 999 |
_c170636 _d170636 |
||